000
00298nam a22001217a 4500
008
160613b xxu||||| |||| 00| 0 eng d
020
_a
9780803623385
020
_a
0803623380
041
_a
eng
080
_a
618.2
245
_a
Essentials of psychiatric mental
_c
Mary C. Townsend;
942
_2
udc
_c
BK
999
_c
2486
_d
2486